00470nam a22001697a 4500003000500000005001700005008004100022038001500063082000800078100001700086245007100103260003600174300002600210500001500236650002800251700002100279NUST20190703070307.0190703b ||||| |||| 00| 0 eng d aMr. Zahoor a510 aShafiq, Saba aEffective order of Partitioned Runge- Kutta Methods /cSaba Shafiq aIslamabad :bSNS - NUST,c2018. a58 p. : ill. ;c30cm. aHardcover. aMathematics - Ms Thesis aDr. Yousaf Habib